| Tag |
First Indicator |
Second Indicator |
Subfields |
| LEADER |
00000cam a2200000 i 4500 |
| 001 |
in00002815439 |
| 005 |
20151203083824.0 |
| 006 |
m o d f |
| 007 |
cr ||||||||||| |
| 008 |
130116s2012 dcu o f000 0 eng c |
| 035 |
|
|
|a (OCoLC)ocn824509931
|
| 040 |
|
|
|a GPO
|b eng
|e rda
|c GPO
|d GPO
|d MvI
|d UtOrBLW
|
| 042 |
|
|
|a pcc
|
| 043 |
|
|
|a n-us---
|
| 049 |
|
|
|a WWW
|
| 050 |
1 |
4 |
|a KF27
|b .H5728 2011h
|
| 074 |
|
|
|a 1018-E (online)
|
| 086 |
0 |
|
|a Y 4.H 75:112-53
|
| 088 |
|
|
|a Serial no. 112-53 (United States. Congress. House. Committee on Homeland Security)
|
| 110 |
1 |
|
|a United States.
|b Congress.
|b House.
|b Committee on Homeland Security.
|b Subcommittee on Emergency Preparedness, Response and Communications,
|e author.
|
| 245 |
1 |
0 |
|a Five years later :
|b an assessment of the Post-Katrina Emergency Management Reform Act : hearing before the Subcommittee on Emergency Preparedness, Response and Communications of the Committee on Homeland Security, House of Representatives, One Hundred Twelfth Congress, first session, October 25, 2011.
|
| 246 |
3 |
0 |
|a Assessment of the Post-Katrina Emergency Management Reform Act
|
| 264 |
|
1 |
|a Washington :
|b U.S. Government Printing Office,
|c 2012.
|
| 300 |
|
|
|a 1 online resource (iii, 36 pages)
|
| 336 |
|
|
|a text
|b txt
|2 rdacontent
|
| 337 |
|
|
|a computer
|b c
|2 rdamedia
|
| 338 |
|
|
|a online resource
|b cr
|2 rdacarrier
|
| 500 |
|
|
|a Title from title screen (viewed on January 16, 2013).
|
| 500 |
|
|
|a Paper version available for sale by the Superintendent of Documents, United States Government Printing Office.
|
| 500 |
|
|
|a "Serial number 112-53."
|
| 610 |
1 |
0 |
|a United States.
|t Post-Katrina Emergency Management Reform Act of 2006.
|
| 610 |
1 |
0 |
|a United States.
|b Federal Emergency Management Agency
|x Evaluation.
|
| 650 |
|
0 |
|a Emergency management
|z United States
|x Management
|x Evaluation.
|
| 650 |
|
0 |
|a Disaster relief
|z United States
|x Management
|x Evaluation.
|
| 650 |
|
0 |
|a Emergency management
|z United States
|x Evaluation.
|
| 776 |
0 |
8 |
|i Print version:
|a United States. Congress. House. Committee on Homeland Security. Subcommittee on Emergency Preparedness, Response and Communications.
|t Five years later
|w (OCoLC)824509917
|
| 776 |
0 |
8 |
|i Microfiche version:
|a United States. Congress. House. Committee on Homeland Security. Subcommittee on Emergency Preparedness, Response and Communications.
|t Five years later
|w (OCoLC)839302785
|
| 856 |
4 |
0 |
|3 Text version:
|u http://purl.fdlp.gov/GPO/gpo33092
|t 0
|
| 856 |
4 |
0 |
|3 PDF version:
|u http://purl.fdlp.gov/GPO/gpo33093
|t 0
|
| 999 |
|
|
|a MARS
|
| 999 |
f |
f |
|s 6db3eff4-d2c2-327c-bf43-9c9b62a3bfdc
|i c08ff7f4-4674-3308-89f7-9d6761d83e79
|t 0
|
| 952 |
f |
f |
|a Texas A&M University
|b College Station
|c Electronic Resources
|d Available Online
|t 0
|e Y 4.H 75:112-53
|h Superintendent of Documents classification
|
| 998 |
f |
f |
|a Y 4.H 75:112-53
|t 0
|l Available Online
|